000 004800000a22001810004500
003 LK-CoMWRAF
008 230817t ||||| |||| 00| 0 eng d
040 _aLK-CoMWRAF
_dLK-CoMWRAF
_eLK-CoMWRAF
041 _aeng
082 _a390
_bWOM
245 _aWomen and non-traditional vocatinal training and work -from a gender perspective-
_b
260 _aCanada
_bGAD
_c
300 _ap.
650 _aresources for women
650 _atraining
650 _aworkshops
942 _cBK
999 _c3030
_d3030